000 00752nam a2200229Ii 4500
003 JO-AjNU
008 230605s9999||||xx |||||||||||||| ||und||
017 _a1986/4733
020 _a977-10-0285-X
040 _aJO-AjNU
_bara
_erda
_cJO-AjNU
041 _aara
050 1 4 _aBP174.Q5232 1986
100 3 _aقميحة، جابر,
_eauthor
_918974
245 0 0 _aأدب الرسائل في صدر الإسلام : عهد النبوة، ج1
250 _aط1
264 3 1 _aالقاهرة: دار الفكر العربي،1986
300 _aج1، 183ص
336 _atext
_btxt
_2rdacontent
337 _aunmediated
_bn
_2rdamedia
338 _avolume
_bnc
_2rdacarrier
650 4 _aالرسائل في صدر الاسلام- عهد النبوة
_918975
999 _aA6168
_c9736
_d9736